[Event "Serbia Championship 2006"]
[Site "Vrnjacka Banja"]
[Date "2006.02.05"]
[Round "9"]
[White "Tadic, Branko"]
[Black "Zlatic, Mihajlo"]
[Result "1-0"]
[WhiteElo "2491"]
[BlackElo "2417"]
[PlyCount "109"]
[EventDate "2006.??.??"]

1. Nf3 d5 2. d4 c6 3. c4 Nf6 4. Nc3 a6 5. e3 b5 6. c5 Bg4 7. h3 Bxf3 8. gxf3
Nbd7 9. f4 e6 10. Bd3 g6 11. b4 Bg7 12. a4 O-O 13. Bd2 Nh5 14. Rg1 f5 15. Ra2
Kf7 16. Qe2 Ndf6 17. f3 Nd7 18. Kd1 Qc7 19. axb5 axb5 20. Bc1 Rxa2 21. Nxa2 Ra8
22. Rg2 Ra4 23. Qb2 Qd8 24. Nc3 Ra8 25. Qb3 Nhf6 26. Ra2 Ne8 27. Nxb5 Rxa2 28.
Qxa2 cxb5 29. Bxb5 Nc7 30. Qa5 Bf6 31. Ba4 Qc8 32. Qa7 Qb8 33. Qxb8 Nxb8 34. b5
Bd8 35. b6 Na8 36. b7 Nc7 37. Bd2 Ke7 38. Kc2 Nca6 39. Kb3 Bc7 40. Be1 h6 41.
Bh4+ Kf7 42. Bb5 Ba5 43. Ka4 Bc7 44. Be1 Ke7 45. Bh4+ Kf7 46. Be1 Ke7 47. Ba5
Bxa5 48. Kxa5 Nc7 49. Ba4 Kd8 50. Kb6 Nca6 51. Bb5 Nc7 52. Ka7 Nxb5+ 53. Kxb8
Kd7 54. Ka8 Nc7+ 55. Ka7 1-0

[Event "Serbia Championship 2006"]
[Site "Vrnjacka Banja"]
[Date "2006.02.05"]
[Round "9"]
[White "Jovanovic, Zoran"]
[Black "Arsovic, Zoran"]
[Result "0-1"]
[WhiteElo "2291"]
[BlackElo "2417"]
[PlyCount "78"]
[EventDate "2006.??.??"]

1. d4 Nf6 2. c4 d6 3. Nc3 Nbd7 4. e4 e5 5. Nf3 g6 6. Bd3 Bg7 7. d5 O-O 8. Bg5
h6 9. Bd2 c6 10. O-O Nc5 11. Bc2 a5 12. Qc1 cxd5 13. cxd5 Kh7 14. Ne1 Bd7 15.
a4 Rc8 16. Qb1 Nh5 17. Nd3 Bf6 18. Nxc5 Rxc5 19. Be3 Rc8 20. f3 Bg5 21. Bf2 Bd2
22. Ra3 Nf4 23. Kh1 Qg5 24. Rg1 Nh5 25. g4 Nf4 26. Qf1 h5 27. Bd1 Kg7 28. Rb3
Rh8 29. Rxb7 hxg4 30. Bg3 Rcd8 31. Rxd7 Rxd7 32. Qb5 Rdd8 33. fxg4 Rxh2+ 34.
Bxh2 Rh8 35. Rg2 Nxg2 36. Kxg2 Qh4 37. Bg3 Qh1+ 38. Kf2 Be1+ 39. Ke3 Qg2 0-1

[Event "Serbia Championship 2006"]
[Site "Vrnjacka Banja"]
[Date "2006.02.05"]
[Round "9"]
[White "Mrsevic, Miroslav"]
[Black "Marinkovic, Slavisa"]
[Result "1-0"]
[WhiteElo "2202"]
[BlackElo "2403"]
[PlyCount "101"]
[EventDate "2006.??.??"]

1. e4 c5 2. d3 Nc6 3. g3 g6 4. Bg2 Bg7 5. f4 e6 6. Nf3 Nge7 7. O-O O-O 8. c3 d6
9. Be3 b6 10. Bf2 Ba6 11. Re1 Qd7 12. Na3 Rad8 13. d4 cxd4 14. Nxd4 e5 15. Nxc6
Qxc6 16. Nc2 Bb7 17. Ne3 Qc8 18. Qa4 a6 19. Rad1 b5 20. Qa3 Qc7 21. Rd3 f5 22.
exf5 exf4 23. gxf4 Bxg2 24. Nxg2 Nxf5 25. Qxa6 Qc4 26. Rd2 Ra8 27. Qb7 Rxa2 28.
Ne3 Nxe3 29. Bxe3 Qb3 30. Ree2 Ra1+ 31. Kg2 Rb1 32. Qd5+ Qxd5+ 33. Rxd5 b4 34.
cxb4 Rb8 35. Rxd6 Rxb2 36. Rxb2 Bxb2 37. Rb6 Rd8 38. Rb7 Bd4 39. Kf3 Bxe3 40.
Kxe3 Re8+ 41. Kf3 Re1 42. b5 Rb1 43. h4 h5 44. Ke4 Re1+ 45. Kd5 Kf8 46. b6 Rb1
47. Kc6 Rc1+ 48. Kd6 Rb1 49. Kd5 Ke8 50. Ke6 Kd8 51. Rb8# 1-0

[Event "Serbia Championship 2006"]
[Site "Vrnjacka Banja"]
[Date "2006.02.05"]
[Round "9"]
[White "Maksimovic, Branimir"]
[Black "Nestorovic, Nikola D"]
[Result "1-0"]
[WhiteElo "2382"]
[BlackElo "2361"]
[PlyCount "125"]
[EventDate "2006.??.??"]

1. d4 Nf6 2. Nf3 c5 3. e3 g6 4. Be2 Bg7 5. c3 b6 6. Nbd2 Bb7 7. O-O O-O 8. b3
d6 9. Bb2 Nbd7 10. a4 a6 11. Qb1 Qc7 12. Rc1 e5 13. b4 Rfc8 14. a5 bxa5 15.
bxc5 dxc5 16. Nxe5 Nxe5 17. dxe5 Qxe5 18. c4 Qe7 19. Bc3 a4 20. Bf3 Rab8 21.
Qc2 Bxf3 22. Nxf3 Rb3 23. Rxa4 Qb7 24. Nd2 Rb6 25. h3 Rd8 26. Raa1 Rbd6 27.
Rcb1 Qc6 28. Ra2 Qd7 29. Rba1 Qe6 30. Rb1 h6 31. Rb7 Rd3 32. Rb3 Ne4 33. Nxe4
Qxe4 34. Bxg7 Rd1+ 35. Kh2 Qxc2 36. Rxc2 Kxg7 37. Ra3 R1d6 38. Ra5 Rc6 39. Kg3
Kf6 40. Rca2 Rdd6 41. Rb2 Ke5 42. Rb7 Ke4 43. Rxf7 Kd3 44. Ra4 Kc3 45. Rb7 Rb6
46. Rxb6 Rxb6 47. f4 Kb3 48. Ra1 Kxc4 49. Rc1+ Kd5 50. Kf3 c4 51. g4 Rc6 52.
e4+ Kd4 53. Rd1+ Kc5 54. e5 c3 55. Ke4 a5 56. f5 gxf5+ 57. gxf5 c2 58. Rc1 Kb6
59. f6 Rc4+ 60. Kf5 Rc3 61. e6 Kc6 62. f7 Rf3+ 63. Kg4 1-0

[Event "Serbia Championship 2006"]
[Site "Vrnjacka Banja"]
[Date "2006.02.05"]
[Round "9"]
[White "Vrbljanac, Aleksandar"]
[Black "Stupavski, Zdenko"]
[Result "1/2-1/2"]
[WhiteElo "2270"]
[BlackElo "2409"]
[PlyCount "36"]
[EventDate "2006.??.??"]

1. e4 c5 2. Nf3 d6 3. d4 cxd4 4. Nxd4 Nf6 5. Nc3 g6 6. Be3 Bg7 7. f3 Nc6 8. Qd2
O-O 9. g4 Nxd4 10. Bxd4 Qa5 11. O-O-O Be6 12. a3 Rfc8 13. Kb1 Rab8 14. Nd5 Qxd2
15. Rxd2 Nxd5 16. Bxg7 Kxg7 17. exd5 Bd7 18. h4 h6 1/2-1/2

[Event "Serbia Championship 2006"]
[Site "Vrnjacka Banja"]
[Date "2006.02.05"]
[Round "9"]
[White "Pap, Misa"]
[Black "Jovanovic, Milos"]
[Result "1/2-1/2"]
[WhiteElo "2402"]
[BlackElo "2239"]
[PlyCount "137"]
[EventDate "2006.??.??"]

1. e4 Nc6 2. d4 d5 3. e5 Bf5 4. c3 e6 5. Ne2 f6 6. f4 Nh6 7. Ng3 Be7 8. Nxf5
Nxf5 9. Bd3 fxe5 10. Bxf5 exf5 11. fxe5 Qd7 12. O-O Nd8 13. Qd3 O-O 14. c4 Ne6
15. Be3 f4 16. cxd5 fxe3 17. dxe6 Rxf1+ 18. Kxf1 Qxe6 19. Nc3 Qf7+ 20. Kg1 Qf2+
21. Kh1 Rf8 22. Ne2 h6 23. Rg1 Kh8 24. a3 c6 25. b4 a6 26. Ng3 Bh4 27. Ne2 Be7
28. Qd1 a5 29. bxa5 Bxa3 30. Qd3 Bb4 31. a6 bxa6 32. Qxa6 Be7 33. Qd3 Bh4 34.
Qd1 Rf5 35. Qc2 Rh5 36. Qd1 Rf5 37. Qb1 Rf8 38. Qd3 Rf5 39. Qe4 Rf8 40. Qg4 Kh7
41. g3 Bg5 42. h4 Bd8 43. Qe4+ Kg8 44. Rg2 Qf1+ 45. Kh2 Rf2 46. Nf4 Bxh4 47.
Qxe3 Rf3 48. Qg1 Bxg3+ 49. Rxg3 Qxg1+ 50. Rxg1 Rxf4 51. Rg6 Rxd4 52. Rxc6 Kf7
53. Rc7+ Kg6 54. Kg3 Re4 55. Re7 h5 56. Kf3 Re1 57. Kf4 Rf1+ 58. Ke4 h4 59. Re8
Kg5 60. Rh8 Kg4 61. e6 h3 62. Kd5 Re1 63. Kd6 Kg3 64. Rg8 h2 65. Rxg7+ Kf4 66.
Rh7 h1=Q 67. Rxh1 Rxh1 68. e7 Re1 69. Kd7 1/2-1/2

[Event "Serbia Championship 2006"]
[Site "Vrnjacka Banja"]
[Date "2006.02.05"]
[Round "9"]
[White "Markovic, Milovan"]
[Black "Misailovic, Nebojsa"]
[Result "0-1"]
[WhiteElo "2260"]
[BlackElo "2342"]
[PlyCount "152"]
[EventDate "2006.??.??"]

1. e4 c5 2. Nf3 d6 3. Bc4 e6 4. d3 Nf6 5. c3 Be7 6. O-O O-O 7. Bb3 b6 8. Re1
Bb7 9. Nbd2 Nc6 10. h3 Re8 11. Nf1 Ne5 12. Bc2 Qc7 13. N3h2 Ned7 14. Bf4 e5 15.
Bg3 Rac8 16. Rc1 Nf8 17. f4 exf4 18. Bxf4 Ng6 19. Bg3 Bf8 20. Ng4 Nxg4 21. Qxg4
Qe7 22. Ne3 Qe6 23. Qe2 d5 24. exd5 Bxd5 25. Qh5 Bb7 26. Bb3 Qc6 27. Rc2 Rcd8
28. Qf5 Re7 29. Rf1 Kh8 30. Rf3 Qd7 31. Qxd7 Rdxd7 32. Nf5 Bxf3 33. Nxe7 Bxe7
34. gxf3 Rxd3 35. Kg2 Kg8 36. Bc4 Rd8 37. a4 Bh4 38. Bc7 Rd7 39. Bh2 Kf8 40.
Bb5 Rd5 41. Bb8 a5 42. Re2 Be7 43. Bc7 f5 44. Re6 Rd2+ 45. Kf1 Nh4 46. Rxb6
Nxf3 47. Bc6 Ng5 48. Rb8+ Kf7 49. Bxa5 Nxh3 50. Be8+ Ke6 51. c4 Rd1+ 52. Ke2
Rd4 53. Bc7 Bd6 54. Bxd6 Re4+ 55. Kd2 Kxd6 56. Bf7 Ng5 57. Bd5 Nf3+ 58. Kd3
Ne5+ 59. Kc3 Re3+ 60. Kd2 Rd3+ 61. Kc2 Rd4 62. b3 Ng4 63. Re8 Nf6 64. Re6+ Kd7
65. Re5 Nxd5 66. cxd5 g6 67. a5 Rb4 68. Re6 c4 69. Kc3 Rxb3+ 70. Kxc4 Ra3 71.
a6 f4 72. Kb4 Ra1 73. Kb5 g5 74. Rh6 f3 75. Rf6 g4 76. Rf4 g3 0-1

[Event "Serbia Championship 2006"]
[Site "Vrnjacka Banja"]
[Date "2006.02.05"]
[Round "9"]
[White "Vukanovic, Sasa"]
[Black "Stojanovic, Zlatko"]
[Result "1-0"]
[WhiteElo "2337"]
[BlackElo "2258"]
[PlyCount "81"]
[EventDate "2006.??.??"]

1. Nf3 d6 2. d4 g6 3. c4 Bg7 4. e4 Nd7 5. Be2 e5 6. O-O Ne7 7. Nc3 O-O 8. d5 h6
9. Bd2 f5 10. Ne1 Nf6 11. f3 f4 12. b4 g5 13. Nd3 h5 14. Nf2 Ng6 15. c5 Rf7 16.
cxd6 cxd6 17. h3 Bf8 18. a4 Rg7 19. a5 Nh4 20. Ra3 Bd7 21. Nb5 Bxb5 22. Bxb5
Rc8 23. Be2 Qe8 24. Qb1 a6 25. Rc3 Rgc7 26. Rfc1 Rxc3 27. Rxc3 Rxc3 28. Bxc3
Ng6 29. b5 axb5 30. Qb4 Nh8 31. Bxb5 Qc8 32. Qc4 Qd8 33. a6 bxa6 34. Bxa6 Nf7
35. Bc8 Kg7 36. Qc6 Nh6 37. Kf1 Kg6 38. Qb7 Nh7 39. Be6 Be7 40. Nd3 Bf6 41. Qa7
1-0

[Event "Serbia Championship 2006"]
[Site "Vrnjacka Banja"]
[Date "2006.02.05"]
[Round "9"]
[White "Pantovic, Dragan M"]
[Black "Damjanovic, Dragan"]
[Result "0-1"]
[WhiteElo "2129"]
[BlackElo "2290"]
[PlyCount "236"]
[EventDate "2006.??.??"]

1. d4 d5 2. c4 c6 3. Nf3 Nf6 4. e3 g6 5. Nc3 Bg7 6. Bd3 O-O 7. O-O a6 8. cxd5
cxd5 9. Ne5 Qd6 10. b3 Nc6 11. f4 Bf5 12. a3 Rfc8 13. Bd2 Rc7 14. b4 Bxd3 15.
Nxd3 e6 16. Qb3 Nd7 17. Rac1 Rac8 18. Na4 b6 19. Ne5 Ncb8 20. Qd3 Rxc1 21. Rxc1
Rxc1+ 22. Bxc1 Nxe5 23. fxe5 Qc6 24. Nc3 b5 25. Bd2 Nd7 26. Kf2 Nb6 27. h3 Nc4
28. Bc1 Bh6 29. Ne2 Bg7 30. Qd1 Bf8 31. Nf4 a5 32. Nd3 a4 33. Ne1 Be7 34. Qc2
Bh4+ 35. g3 Bg5 36. Nf3 Bh6 37. Ne1 Kf8 38. h4 Ke8 39. g4 Kd7 40. Nd3 Bf8 41.
Ke2 Be7 42. g5 Ke8 43. Kd1 Kf8 44. Qe2 Kg8 45. Nf2 Nb6 46. Ng4 Qe8 47. Nh6+ Kg7
48. Qf1 Nc4 49. Qe2 Bd8 50. Qf1 Qd7 51. Qf3 Nb6 52. Qf2 Qe8 53. Qe2 Nc4 54. Qf2
Be7 55. Qe2 Nb6 56. Qf1 Bd8 57. Qf3 Nc8 58. Qf2 Kf8 59. Qc2 Ne7 60. Qf2 Nf5 61.
Nxf5 gxf5 62. Qe2 Be7 63. Qc2 Qd7 64. Bd2 Kg7 65. Be1 h6 66. gxh6+ Kxh6 67. Qg2
Qc8 68. Bd2 Kh7 69. Qe2 Qc4 70. Qh5+ Kg8 71. Qe2 Qxe2+ 72. Kxe2 Bxh4 73. Kf3
Kh7 74. Kg2 Kg6 75. Kf3 Kh5 76. Bc3 Bd8 77. Be1 Kg5 78. Bd2 Kg6 79. Be1 Bg5 80.
Bc3 f6 81. Bb2 Bh6 82. Bc3 Kg5 83. Bd2 Kh5 84. Be1 Bf8 85. Kg3 Bg7 86. Bc3 Kg5
87. Kf3 fxe5 88. dxe5 Kh4 89. Be1+ Kh3 90. Bc3 Kh2 91. Bd4 Bh6 92. Bc5 Bg5 93.
Bd4 Kh3 94. Bc3 Kh4 95. Be1+ Kh5 96. Bc3 Kg6 97. Be1 Kf7 98. Bc3 Ke8 99. Bb2
Kd7 100. Bc3 Kc6 101. Bd4 Be7 102. Bc3 Bd8 103. Bd4 Bc7 104. Ke2 Bb6 105. Bc3
d4 106. exd4 Kd5 107. Kd3 Bd8 108. Bb2 Bh4 109. Bc3 Bf2 110. Bd2 Bg1 111. Bc3
f4 112. Ba1 f3 113. Bb2 f2 114. Ke2 f1=Q+ 115. Kxf1 Bxd4 116. Bc1 Kc4 117. Ke2
Kb3 118. Kd2 Bxe5 0-1

[Event "Serbia Championship 2006"]
[Site "Vrnjacka Banja"]
[Date "2006.02.05"]
[Round "9"]
[White "Keserovic, Milan"]
[Black "Muratovic, Alija"]
[Result "1-0"]
[WhiteElo "2225"]
[BlackElo "2437"]
[PlyCount "33"]
[EventDate "2006.??.??"]

1. e4 e5 2. Nf3 Nc6 3. Bb5 a6 4. Ba4 Nf6 5. O-O Be7 6. d4 exd4 7. e5 Ne4 8. Re1
Nc5 9. Bxc6 dxc6 10. Nxd4 O-O 11. Nc3 Ne6 12. Nf5 Bg5 13. Qg4 g6 14. Ne4 gxf5
15. Qxf5 Nd4 16. Qxg5+ Qxg5 17. Bxg5 1-0

[Event "Serbia Championship 2006"]
[Site "Vrnjacka Banja"]
[Date "2006.02.05"]
[Round "9"]
[White "Vrbljanac, Toma"]
[Black "Marcetic, Nikola"]
[Result "0-1"]
[WhiteElo "2182"]
[BlackElo "2390"]
[PlyCount "62"]
[EventDate "2006.??.??"]

1. e4 c5 2. Nf3 d6 3. d4 cxd4 4. Nxd4 Nf6 5. Nc3 g6 6. g3 Nc6 7. Bg2 Nxd4 8.
Qxd4 Bg7 9. O-O O-O 10. Qb4 Ng4 11. a4 Ne5 12. Be3 Nc6 13. Qa3 Be6 14. Nd5 Qd7
15. Rfe1 Rac8 16. c3 Bh3 17. Bh1 b6 18. Qb3 Rfe8 19. Qb5 Na5 20. f3 Be6 21. Bg2
Nc4 22. Qxd7 Bxd7 23. Bc1 Na5 24. Bf1 e6 25. Nb4 Nb3 26. Ra3 Nxc1 27. Rxc1 a5
28. Nc2 Bc6 29. Nd4 Bxe4 30. Nb5 Bxf3 31. Nxd6 Bf8 0-1

[Event "Serbia Championship 2006"]
[Site "Vrnjacka Banja"]
[Date "2006.02.05"]
[Round "9"]
[White "Toth, Aleksandar"]
[Black "Dodic, Dragan"]
[Result "1/2-1/2"]
[WhiteElo "2302"]
[BlackElo "2177"]
[PlyCount "59"]
[EventDate "2006.??.??"]

1. e4 c6 2. d4 d5 3. e5 Bf5 4. Nc3 e6 5. g4 Bg6 6. Nge2 Qh4 7. Nf4 Nh6 8. h3
Bb4 9. Rg1 Qe7 10. a3 Bxc3+ 11. bxc3 Nd7 12. a4 c5 13. Nxg6 hxg6 14. Be3 c4 15.
f4 f6 16. Qf3 fxe5 17. fxe5 Rf8 18. Qg3 Rf7 19. h4 Qf8 20. Be2 O-O-O 21. Kd2
Nb8 22. Rgf1 Rdd7 23. Rg1 Nc6 24. Qh3 Qe8 25. Rh1 Rf8 26. Raf1 Rxf1 27. Rxf1
Rf7 28. Qh1 b6 29. Rxf7 Qxf7 30. Qf1 1/2-1/2

[Event "Serbia Championship 2006"]
[Site "Vrnjacka Banja"]
[Date "2006.02.05"]
[Round "9"]
[White "Pantic, Ivica"]
[Black "Irizanin, Radoje"]
[Result "1-0"]
[WhiteElo "2201"]
[BlackElo "2260"]
[PlyCount "103"]
[EventDate "2006.??.??"]

1. d4 g6 2. e4 c5 3. c3 d6 4. Bc4 Qc7 5. Qb3 e6 6. Nf3 a6 7. dxc5 dxc5 8. a4
Nc6 9. Qc2 Nf6 10. O-O b6 11. Re1 Bb7 12. Bg5 Bg7 13. Nbd2 h6 14. Bh4 Nh5 15.
Bg3 Nxg3 16. hxg3 O-O 17. Bf1 Na5 18. Nc4 Nxc4 19. Bxc4 Rfd8 20. Nh2 Rd7 21.
Qe2 Rad8 22. Nf1 Qc8 23. f4 h5 24. g4 hxg4 25. Qxg4 Re7 26. Qh4 Ree8 27. Re2
Qc6 28. Nh2 b5 29. axb5 axb5 30. Bb3 c4 31. Bc2 b4 32. e5 Qc5+ 33. Qf2 Bf8 34.
Ng4 Qxf2+ 35. Kxf2 Bc5+ 36. Kg3 Kg7 37. cxb4 Bxb4 38. Nf6 Rh8 39. Ra7 Ba8 40.
Rd7 Rb8 41. Be4 Bxe4 42. Nxe4 Rh1 43. Ng5 Be1+ 44. Kf3 Bh4 45. Nxf7 Kg8 46. g3
Rh3 47. Kg4 Rxg3+ 48. Kxh4 Rgb3 49. Nh6+ Kf8 50. Red2 Rd3 51. R2xd3 cxd3 52.
Rxd3 1-0

[Event "Serbia Championship 2006"]
[Site "Vrnjacka Banja"]
[Date "2006.02.05"]
[Round "9"]
[White "Certic, Branimir"]
[Black "Muratovic, Dzemail"]
[Result "1-0"]
[WhiteElo "2405"]
[BlackElo "2177"]
[PlyCount "157"]
[EventDate "2006.??.??"]

1. Nf3 e6 2. g3 b6 3. e4 Bb7 4. d3 d5 5. Qe2 Nf6 6. e5 Nfd7 7. Bg2 c5 8. O-O
Nc6 9. Re1 Be7 10. h4 Qc7 11. Bg5 h6 12. Bxe7 Nxe7 13. h5 Ba6 14. a4 Bb7 15.
Na3 a6 16. c3 O-O 17. d4 c4 18. g4 Qd8 19. Bh3 Re8 20. Qd2 Nf8 21. g5 hxg5 22.
Nxg5 Nh7 23. Nf3 Bc8 24. Kh1 Nf5 25. Rg1 Kh8 26. Nc2 Rg8 27. Qf4 Ra7 28. Rg2 g5
29. hxg6 fxg6 30. Rag1 Rag7 31. Ng5 Nxg5 32. Rxg5 Rh7 33. Kh2 Rf8 34. Qd2 Nh4
35. Ne1 Rf3 36. R1g3 Qf8 37. Nxf3 Nxf3+ 38. Rxf3 Qxf3 39. Rg3 Qh5 40. Kg2 Qh4
41. Qe3 Rf7 42. Rg4 Qh5 43. Qg3 Kg7 44. Rg5 Qh6 45. f4 Bd7 46. Bg4 Rf8 47. Bd1
Kf7 48. Bc2 Rg8 49. Rg4 Rh8 50. Bxg6+ Ke7 51. Kf2 Qh1 52. Qg1 Rh2+ 53. Rg2
Qxg1+ 54. Kxg1 Rxg2+ 55. Kxg2 Bxa4 56. f5 exf5 57. Bxf5 Bd7 58. Bc2 b5 59. b4
cxb3 60. Bxb3 Ke6 61. Kf2 a5 62. Ke3 Be8 63. Bc2 b4 64. cxb4 axb4 65. Bh7 Kd7
66. Kd2 Kc7 67. Bg8 Bc6 68. Bf7 Kb6 69. e6 Kb5 70. e7 Kc4 71. Ke3 Kc3 72. e8=Q
Bxe8 73. Bxe8 b3 74. Bg6 b2 75. Bd3 Kb3 76. Kd2 Kb4 77. Bb1 Kb3 78. Ke3 Kc3 79.
Ba2 1-0

[Event "Serbia Championship 2006"]
[Site "Vrnjacka Banja"]
[Date "2006.02.05"]
[Round "9"]
[White "Marcetic, Predrag"]
[Black "Nikolic, Stanimir"]
[Result "1-0"]
[WhiteElo "2208"]
[BlackElo "2306"]
[PlyCount "127"]
[EventDate "2006.??.??"]

1. e4 d6 2. d4 g6 3. Nf3 Bg7 4. Bd3 Bg4 5. c3 c5 6. dxc5 dxc5 7. Bb5+ Bd7 8.
Bxd7+ Nxd7 9. O-O Qc7 10. Qe2 e5 11. c4 Ngf6 12. Nc3 O-O 13. Rd1 h6 14. Be3
Rfe8 15. Qd2 Kh7 16. Qc2 Bf8 17. Rd2 Nb8 18. Nd5 Nxd5 19. Rxd5 b6 20. Rad1 Kg8
21. Qd2 Kh7 22. Rd8 Qe7 23. Qd5 Rxd8 24. Qxd8 Qxd8 25. Rxd8 Bg7 26. Bd2 a5 27.
Bc3 f6 28. Kf1 g5 29. Ne1 Kg6 30. Nc2 Kf7 31. Na3 Bf8 32. Nb5 Be7 33. Rc8 a4
34. a3 Bf8 35. Ke2 h5 36. Kd3 Be7 37. f3 Ke6 38. Nc7+ Kd7 39. Nxa8 Kxc8 40.
Nxb6+ Kc7 41. Nxa4 Nc6 42. b3 Kd7 43. Nb6+ Ke6 44. Nd5 Bd8 45. b4 Kd6 46. b5
Nd4 47. a4 Nb3 48. a5 Nxa5 49. Bxa5 Bxa5 50. Nxf6 h4 51. Ke2 Bd8 52. Nd5 Ba5
53. Kf2 Bd2 54. g3 Ba5 55. Kg2 Be1 56. Kh3 hxg3 57. hxg3 Bf2 58. Kg4 Be1 59.
Kxg5 Bxg3 60. Kf5 Bh2 61. f4 exf4 62. e5+ Kd7 63. Nxf4 Bg3 64. Nd3 1-0

[Event "Serbia Championship 2006"]
[Site "Vrnjacka Banja"]
[Date "2006.02.05"]
[Round "9"]
[White "Kahrovic, Mersid"]
[Black "Tasic, Zoran"]
[Result "0-1"]
[WhiteElo "2253"]
[BlackElo "2188"]
[PlyCount "117"]
[EventDate "2006.??.??"]

1. e4 e6 2. d4 d5 3. Nd2 Nf6 4. e5 Nfd7 5. Bd3 b6 6. f4 c5 7. c3 cxd4 8. cxd4
Ba6 9. Qf3 Qc8 10. Ne2 g6 11. O-O Nc6 12. a3 h5 13. b3 Qb7 14. Bb2 Bxd3 15.
Qxd3 Be7 16. Nf3 a5 17. Nc3 Na7 18. Ng5 Rg8 19. Rac1 b5 20. Nd1 a4 21. b4 Nb6
22. Nf2 Nc4 23. Ba1 Nc6 24. g4 Qa7 25. Kh1 Bxg5 26. fxg5 Rh8 27. Kg2 hxg4 28.
Nxg4 Ne7 29. Kg3 Nf5+ 30. Rxf5 gxf5 31. Nf6+ Ke7 32. h4 Rac8 33. Rf1 Qb7 34. h5
Qc6 35. h6 Nb6 36. Qe3 Qc2 37. g6 f4+ 38. Qxf4 Qxg6+ 39. Ng4 Rcg8 40. Rh1 Nc4
41. h7 Qd3+ 42. Qf3 Rxg4+ 43. Kxg4 Qg6+ 44. Kf4 Rxh7 45. Rxh7 Qxh7 46. Qc3 Qh4+
47. Kf3 Qh3+ 48. Ke2 Qxc3 49. Bxc3 Nxa3 50. Kd3 Nc4 51. Kc2 Kf8 52. Be1 Kg7 53.
Bh4 Kg6 54. Be7 Kf5 55. Bc5 Ke4 56. Kc3 Ne3 57. Bb6 Nf5 58. Bc5 Ng3 59. Kd2 0-1

[Event "Serbia Championship 2006"]
[Site "Vrnjacka Banja"]
[Date "2006.02.05"]
[Round "9"]
[White "Maksimovic, Miroslav"]
[Black "Ristovic, Mileta"]
[Result "1-0"]
[WhiteElo "2212"]
[BlackElo "2132"]
[PlyCount "73"]
[EventDate "2006.??.??"]

1. e4 e6 2. d4 d5 3. Nd2 dxe4 4. Nxe4 Nd7 5. Nf3 Ngf6 6. Bg5 Be7 7. Bxf6 Bxf6
8. Bd3 O-O 9. c3 b6 10. Qc2 Bb7 11. O-O-O a5 12. h4 Ba6 13. Bxa6 Rxa6 14. g4
Re8 15. Ne5 Nf8 16. f4 b5 17. h5 Qd5 18. Kb1 Be7 19. h6 g6 20. g5 Nd7 21. Rhe1
Nb6 22. Ng4 Nd7 23. Ne5 Nb6 24. Qb3 a4 25. Qxd5 Nxd5 26. Rd2 Rd8 27. Nd3 Bd6
28. Rf2 Ne7 29. Nf6+ Kh8 30. a3 Nc6 31. Rd2 Ne7 32. d5 Raa8 33. dxe6 fxe6 34.
Rxe6 Nf5 35. Ne5 Bxe5 36. Rxd8+ Rxd8 37. Rxe5 1-0